The exile returned : (Record no. 151)
[ view plain ]
| 000 -LEADER | |
|---|---|
| fixed length control field | 00620cam a2200181 a 4500 |
| 001 - CONTROL NUMBER | |
| control field | 3572771 |
| 005 - DATE AND TIME OF LATEST TRANSACTION | |
| control field | 20231205044808.0 |
| 008 - FIXED-LENGTH DATA ELEMENTS--GENERAL INFORMATION | |
| fixed length control field | 980409s1997 ce b b 000 1 eng |
| 020 ## - INTERNATIONAL STANDARD BOOK NUMBER | |
| ISBN | 9559567004 |
| 040 ## - CATALOGING SOURCE (பட்டியலாக்க மூலம்) | |
| Original cataloging agency | DLC |
| Transcribing agency | DLC |
| 082 ## - DDC Classification | |
| DDC Edition Number | 22 |
| Class No. | 305.5. |
| Item Number - Author Mark | RAT. |
| 100 1# - MAIN ENTRY--PERSONAL NAME | |
| Personal name | Hoole, S. Ratnajeevan H. |
| 245 14 - TITLE STATEMENT | |
| Title | The exile returned : |
| Remainder of title | a self-portrait of the Tamil Vellahlahs of Jaffna, Sri Lanka / |
| Statement of responsibility, etc. | by S. Ratnajeevan H. Hoole. |
| 260 ## - PUBLICATION, DISTRIBUTION, ETC. | |
| Place of publication, distribution, etc. | Dehiwala : |
| Name of publisher, distributor, etc. | Aruvi Publishers, |
| Date of publication, distribution, etc. | 1997. |
| 300 ## - PHYSICAL DESCRIPTION | |
| Extent (e.g. Volumes, Pages etc.) | xvii, 475 p. : |
| 500 ## - GENERAL NOTE | |
| General note | "Institute of Fundamental Studies, Kandy, Sri Lanka and Harvey Mudd College, Ca 91711, USA." |
| 942 ## - Koha item type (Biblio) | |
| Koha item type | Books in Stacks (Lending) |
| Lost status | Damaged status | Collection code | Home library | Current library | Date acquired | Full call number | Accession Number | Item type |
|---|---|---|---|---|---|---|---|---|
| Lending | WERC Library | WERC Library | 12/05/2023 | 305.5. RAT. | 2474 | Books in Stacks (Lending) |
